Flags By Number of Bands/Stripes - Statistics

General Stats
  • This quiz has been taken 17 times
  • The average score is 44 of 68
Answer Stats
Hint Answer % Correct
France 3
100%
Ukraine 2
86%
Italy 3
86%
Germany 3
86%
Belgium 3
86%
Russia 3
86%
Mexico 3
86%
Peru 3
86%
Liechtenstein 2
79%
Monaco 2
79%
Netherlands 3
79%
Austria 3
79%
Ireland 3
79%
Spain 3
79%
Croatia 3
79%
Bulgaria 3
79%
Hungary 3
79%
Romania 3
79%
Argentina 3
79%
Colombia 3
79%
Ecuador 3
79%
Venezuela 3
79%
Iraq 3
79%
Iran 3
79%
Syria 3
79%
India 3
79%
Niger 3
79%
Nigeria 3
79%
Egypt 3
79%
Libya 3
79%
Mali 3
79%
Guinea 3
79%
Senegal 3
79%
Cameroon 3
79%
Ivory Coast 3
79%
Chad 3
79%
Azerbaijan 3
79%
Vatican City 2
71%
Poland 2
71%
Indonesia 2
71%
Singapore 2
71%
Serbia 3
71%
Yemen 3
71%
Canada 3
71%
Sudan 3
71%
Sierra Leone 3
71%
Armenia 3
71%
Rwanda 3
64%
United States of America 13
57%
Angola 2
57%
Costa Rica 5
57%
Chile 2
50%
Thailand 5
50%
Czech Republic 2
43%
Philippines 2
43%
Djibouti 2
43%
Burkina Faso 2
36%
Cuba 5
36%
Suriname 5
36%
Liberia 11
29%
Uganda 6
29%
Greece 9
29%
Mauritius 4
21%
Comoros 4
21%
Zimbabwe 7
21%
Malaysia 14
14%
Togo 5
7%
Uruguay 9
7%
No matching quizzes found
Score Distribution
Percent of People with Each Score
Percentile by Number Answered
Your Score History
You have not taken this quiz